| 000 | 00826nam a22002055i 4500 | ||
|---|---|---|---|
| 001 | 166789 | ||
| 003 | ES-MaACL | ||
| 005 | 20250820122527.0 | ||
| 008 | 990212s1874 pl af |||| | fre d | ||
| 040 |
_aCCPB | B _bspa _cCCPB | B |
||
| 110 | 2 |
_aUniversidad Imperial (Varsovia). _bBiblioteca. _9135004 |
|
| 245 | 1 | 4 |
_aLes elzevir de la Bibliotheque de l'Université Impériale de Varsovie / _cpar Stanislas Joseph Siennicki. |
| 260 |
_aVarsovie : _b[s.n.], _c1874 ( _fImprimerie du Journal Wjek, de Jean Noskowski) |
||
| 300 |
_a221 p., [23] h. de lám. ; _c21 cm. |
||
| 610 | 2 | 4 |
_aUniversidad Imperial (Varsovia). _bBiblioteca- _vCatálogos. _9135005 |
| 700 | 1 | 1 |
_aSiennicki, Stanislas Joseph, _d1835-1896 _9132718 |
| 752 |
_aPolonia - _dVarsovia |
||
| 852 |
_aES-MaACL _jB-2338 _z-- Enc. hol. |
||
| 999 |
_c166789 _d166789 |
||